|
|
|
|
| LEADER |
00627nab a2200193 i 4500 |
| 001 |
acta52050 |
| 005 |
20250404103251.0 |
| 008 |
180516s1940 hu o 000 hun d |
| 040 |
|
|
|a SZTE Egyetemi Kiadványok Repozitórium
|b hun
|
| 041 |
|
|
|a hun
|
| 100 |
1 |
|
|a Havas István
|
| 245 |
1 |
0 |
|a Falusi ház
|h [elektronikus dokumentum] :
|b [vers] /
|c Havas István
|
| 260 |
|
|
|c 1940
|
| 300 |
|
|
|a 885
|
| 490 |
0 |
|
|a Gyakorlati pedagógia
|
| 650 |
|
4 |
|a Bölcsészettudományok
|
| 650 |
|
4 |
|a Nyelvek és irodalom
|
| 695 |
|
|
|a Magyar irodalom - vers
|
| 856 |
4 |
0 |
|u http://acta.bibl.u-szeged.hu/52050/1/gyakorlati_1940_011_012_885.pdf
|z Dokumentum-elérés
|